Entry Personal Name
001 - CONTROL NUMBER
- control field: 1326
003 - CONTROL NUMBER IDENTIFIER
- control field: AM-YEHGA
005 - DATE AND TIME OF LATEST TRANSACTION
- control field: 20250617070427.0
008 - FIXED-LENGTH DATA ELEMENTS
- fixed length control field: 050217 a|ac|n|aab||||||||||||a |n|||||||
040 ## - CATALOGING SOURCE
- Original cataloging agency: AM-YEHGA
100 1# - HEADING--PERSONAL NAME
- Personal name: Միրիջանյան, Լևոն Վարդանի,
- Dates associated with a name: 1933-2004
400 1# - SEE FROM TRACING--PERSONAL NAME
- Personal name: Միրիջանյան, Լևոն,
- Dates associated with a name: 1933-2004
400 1# - SEE FROM TRACING--PERSONAL NAME
- Personal name: Միրիջանյան, Լ.Վ.
- Fuller form of name: (Լևոն Վարդանի),
- Dates associated with a name: 1933-2004
400 1# - SEE FROM TRACING--PERSONAL NAME
- Personal name: Միրիջանյան, Լ.
- Fuller form of name: (Լևոն),
- Dates associated with a name: 1933-2004
400 1# - SEE FROM TRACING--PERSONAL NAME
- Personal name: Միրիջանեան, Լևոն Վարդանի,
- Dates associated with a name: 1933-2004
400 1# - SEE FROM TRACING--PERSONAL NAME
- Personal name: Միրիջանեան, Լեւոն,
- Dates associated with a name: 1933-2004
400 1# - SEE FROM TRACING--PERSONAL NAME
- Personal name: Мириджанян, Левон Варданович,
- Dates associated with a name: 1933-2004
400 1# - SEE FROM TRACING--PERSONAL NAME
- Personal name: Miridjanyan, Levon Vardani,
- Dates associated with a name: 1933-2004
400 1# - SEE FROM TRACING--PERSONAL NAME
- Personal name: Miridjanian, Levon,
- Dates associated with a name: 1933-2004
670 ## - SOURCE DATA FOUND
- Source citation: Հայկական համառոտ հանրագիտարան, 1999 :
- Information found: հ.3 (Միրիջանյան, Լևոն Վարդանի (22.1.1933, Երևան [- 2004, Երևան]), բանաստեղծ, թարգմանիչ, գրականագետ: Սկովորոդայի անվ. միջազգային ուկրաինական մրց. (1993))
670 ## - SOURCE DATA FOUND
- Source citation: Հատընտիր, 1972 :
- Information found: տիտղթ. (թարգմ.՝ Լևոն Միրիջանյան)
670 ## - SOURCE DATA FOUND
- Source citation: Մարդիկ ու տարիներ, 1974 :
- Information found: տիտղթ. (թարգմ.՝ Լ.Հ. Միրիջանյան)
670 ## - SOURCE DATA FOUND
- Source citation: Ձեզ եմ դիմում տիկիններ և պարոններ, 1980 :
- Information found: տիտղթ. (խմբ.՝ Լ. Միրիջանյան)
670 ## - SOURCE DATA FOUND
- Source citation: Էջեր իմ կեանքից, 2004 :
- Information found: տիտղթ. (խմբ.՝ Լևոն Վարդանի Միրիջանեան)
670 ## - SOURCE DATA FOUND
- Source citation: Մենք գնացինք երկիր, 1992 :
- Information found: տիտղթ. (խմբ.՝ Լեւոն Միրիջանեան)
670 ## - SOURCE DATA FOUND
- Source citation: Истоки армянской поэзии, 1980 ;
- Information found: т.л. ( Левон Варданович Мириджанян)
670 ## - SOURCE DATA FOUND
- Source citation: The shepherd of songs, 1983 :
- Information found: t.p. (Levon Miridjanian)
ՀՀ Գիտությունների ազգային ակադեմիայի հիմնարար գիտական գրադարան = Fundamental Scientific Library of NAS RA
All site content, except where otherwise noted, is licensed under a